000 01381nam0a2200349 i 4500
001 RU\NLR\BIBL_A\010359607
005 20240921171453.0
010 _a9785948452593
_9500
021 _aRU
_b2014-22143
_91375
035 _a(NILC)RuMoRGB-006772073
035 _a(NLR Aleph) 010359607
090 _a10774916
_c10774916
100 _a20140521d2014 km y0rusy50 ca
101 0 _arus
102 _aRU
105 _ay|||z|||000yy
200 1 _aПрирода частной собственности в рыночном хозяйстве
_eмонография
_fВ. А. Катунин
_gФедеральное гос. бюджетное образовательное учреждение высш. проф. образования "Московский пед. гос. ун-т"
205 _a2-е изд.
210 _aМосква
_cМПГУ
_d2014
215 _a234 с.
_d21
320 _aБиблиогр.: с. 213-232 (349 назв.)
606 1 _aЧастная собственность
_92068477
_3RU\NLR\AUTH\661243131
610 0 _aчастная собственность
675 _a330.111.62
686 1 _aУ010.062
700 1 _aКатунин
_bВ. А.
_gВиктор Алексеевич
801 0 _aRU
_bRuMoRKP
_c20140324
_gRCR
801 2 _aRU
_bРГБ
_c20140417
_grcr
942 _cBOOK
980 _aNBR